[Event "EYCC Open U16 2018"]
[Site "Riga"]
[Date "2018.08.24"]
[Round "5"]
[White "Zarubitski, Viachaslau"]
[Black "Chukavin, Kirill"]
[Result "1-0"]
[WhiteElo "2416"]
[BlackElo "2291"]
[Annotator "TA"]
[PlyCount "153"]
[EventDate "2018.08.20"]
[EventType "swiss"]
[EventCountry "LAT"]
[SourceTitle "playchess.com"]
[Source "ChessBase"]
[SourceQuality "1"]

{[%evp 20,153,7,10,17,35,29,0,27,16,15,31,20,20,21,17,32,22,14,-10,51,43,40,5,10,0,4,12,33,18,18,0,25,53,106,96,180,170,197,198,189,197,247,268,256,252,259,258,228,234,259,256,256,256,256,256,256,256,256,255,244,244,244,218,218,218,218,218,218,218,218,218,218,218,218,218,218,218,218,218,218,218,218,218,218,218,218,218,218,218,218,218,218,218,244,244,244,218,218,218,218,218,218,218,255,128,244,235,220,77,201,68,68,0,68,59,77,68,831,831,824,798,787,780,507,443,745,720,772,765,739,731,722,640,29985,29986]} 1. e4 c5 2. Nf3 d6 3. d4 cxd4 4. Nxd4 Nf6 5. Nc3 a6 6. Be3 e6 7. Be2 Nbd7 8. f4 b5 9. a4 {B84: Sicilian Scheveningen: 6 Be2 a6, lines without early Be3} (9. Bf3 Bb7 10. e5 dxe5 11. fxe5 Bxf3 12. Nxf3 Ng4 13. Bd4 Qc7 14. Qe2 Bc5 15. Bxc5 Qxc5 16. O-O-O Qe3+ {½-½ (39) Karjakin,S (2756)-Grischuk,A (2783) Beijing 2013}) 9... b4 10. Nc6 Qc7 11. Nxb4 {LiveBook: 3 Games. The position is equal.} d5 12. Nbxd5 $1 exd5 13. e5 $1 Bb4 14. exf6 Bxc3+ 15. bxc3 Qxc3+ 16. Bd2 {[%cal Be3d2,Bd2c3,Bc3d4][%mdl 32]} Qxf6 17. O-O $146 Qd4+ 18. Kh1 O-O 19. Qe1 Nf6 (19... Re8 $11) 20. Bc3 $14 Qb6 21. Bd3 Ne4 22. a5 Qc6 23. Bd4 Rb8 24. f5 {And now Bxe4 would win.} f6 $1 25. Qe3 $40 {[%mdl 128] White mounts an attack.} Bd7 26. Bb6 Nd6 (26... Qa8 $14) 27. Bxa6 $16 Bxf5 (27... Rfe8 $16 28. Qc5 Nc4) 28. Qc5 $18 Qxc5 29. Bxc5 Rfd8 30. Bd3 Be4 31. a6 {[%cal Ba5a6,Ba6a7][%mdl 32]} Nc4 32. a7 Ra8 {intending ...Bxd3.} 33. Rfb1 Ne5 34. Ba6 {Threatens to win with Bb7.} d4 35. Bb7 Bxb7 36. Rxb7 Nc6 37. Rc7 Nxa7 38. Raxa7 Rxa7 39. Bxa7 {[%mdl 4096] Endgame KRB-KR} d3 40. cxd3 Rxd3 41. Kg1 Ra3 42. Kf2 h5 43. Bd4 Ra4 44. Ke3 Ra2 45. Kf3 Ra3+ 46. Be3 Kh7 47. Ra7 Rc3 48. Ra2 Kg6 49. Ke4 Rc8 50. Bd4 Re8+ 51. Kf3 Rd8 52. Be3 Rd5 53. Ra7 Rb5 54. h4 Rb3 55. g3 Rc3 56. Ke4 Rb3 57. Bf4 Rc3 58. Bd6 Rc8 59. Kd5 Re8 60. Be7 Kf5 61. Kd6 Rb8 62. Ra3 (62. Ra5+ $1 $18 Kg6 63. Kc5) 62... Rb1 {[#]} (62... Rb7 $16 {was worth a try.} 63. Rf3+ Kg6) 63. Kd7 $1 Rg1 64. Bc5 (64. Bf8 $18 {and White stays clearly on top.}) 64... Re1 (64... Rd1+ $16 {keeps fighting.} 65. Bd6 Rd4 66. Ra5+ Kg4) 65. Bf2 (65. Ra4 $18) 65... Re2 66. Bc5 ({White should try} 66. Bb6 $14) 66... Kg4 ({Black should play} 66... Re1 $1 $11) 67. Bd6 {Hoping for Ra4+.} Re4 68. Be7 {aiming for Rd3.} Kf5 $2 {[%mdl 8192] [#]} (68... Kh3 $14 69. Rc3 Rg4) 69. Ke8 $1 {[%cal Re8f7]} Kg6 70. Kf8 Re2 71. Rf3 Re4 72. Ba3 Ra4 (72... Kh7 $142 73. Kf7 Rd4) 73. Kg8 Ra8+ 74. Bf8 Re8 75. Ra3 Rb8 76. Ra7 Kh6 77. Rxg7 {Precision: White = 64%, Black = 47%.} 1-0

[Event "EYCC Open U16 2018"]
[Site "Riga"]
[Date "2018.08.24"]
[Round "5"]
[White "Baenziger, Fabian"]
[Black "Lisnyak, Vladislav"]
[Result "1/2-1/2"]
[WhiteElo "2373"]
[BlackElo "2198"]
[Annotator "NA"]
[PlyCount "58"]
[EventDate "2018.08.20"]
[EventType "swiss"]
[EventCountry "LAT"]
[SourceTitle "playchess.com"]
[Source "ChessBase"]
[SourceQuality "1"]
[TimeControl "40/5400+30:1800+30"]

1. d4 {[%emt 0:00:00]} Nf6 {[%emt 0:00:00]} 2. c4 {[%emt 0:00:00]} e6 {[%emt 0:00:00]} 3. Nf3 {[%emt 0:00:00]} d5 {[%emt 0:00:00]} 4. g3 {[%emt 0:00:28]} Be7 {[%emt 0:00:00]} 5. Bg2 {[%emt 0:00:06]} O-O {[%emt 0:00:04]} 6. O-O {[%emt 0:00:06]} dxc4 {[%emt 0:00:06]} 7. Qc2 {[%emt 0:00:05]} a6 {[%emt 0:11:44]} 8. a4 {[%emt 0:00:32]} Bd7 {[%emt 0:08:08]} 9. Qxc4 {[%emt 0:00:08]} b5 {[%emt 0:08:03] LiveBook: 6 Games E05: Open Catalan: 5 Nf3 Be7} (9... Bc6 10. Bg5 Bd5 11. Qc2 Be4 12. Qd1 h6 13. Bxf6 Bxf6 14. Nc3 Bxf3 15. Bxf3 Qxd4 16. Bxb7 Ra7 17. Bg2 Nd7 18. Ne4 c5 19. Rb1 Qxd1 20. Rfxd1 {½-½ (43) Aronian,L (2764)-So,W (2778) Stavanger 2018}) 10. Qc2 {[%emt 0:07:43]} Bc6 {[%emt 0:02:00]} 11. Bf4 {[%emt 0:07:01]} Nd5 {[%emt 0:15:16]} 12. Ne5 {[%emt 0:01:47]} Bb7 {[%emt 0:06:09]} 13. Rc1 $146 {[%emt 0:05:08]} ({Predecessor:} 13. Bd2 Bd6 14. Nd3 Nc6 15. e3 Ncb4 16. Nxb4 Bxb4 17. Rc1 Bxd2 18. Nxd2 {1-0 (25) Lazarev,V (2445)-Passager,J (2212) Creon 2011}) 13... Bd6 {[%emt 0:09:32]} 14. Nd3 {[%emt 0:13:22]} Nc6 {[%emt 0:02:42]} 15. e3 {[%emt 0:04:41]} Ncb4 {[%emt 0:04:36]} 16. Nxb4 {[%emt 0:00:08]} Nxb4 {[%emt 0:00:11]} 17. Qb3 {[%emt 0:02:25]} Bxg2 {[%emt 0:02:28]} 18. Kxg2 {[%emt 0:04:40]} Nd5 $14 {[%emt 0:00:22]} 19. Bxd6 {[%emt 0:06:21]} cxd6 {[%emt 0:00:11]} 20. Nc3 {[%emt 0:04:07]} Nxc3 {[%emt 0:01:48]} 21. Qxc3 {[%emt 0:02:18]} Qb8 {[%emt 0:05:45]} 22. Qb4 {[%emt 0:11:36]} bxa4 {[%emt 0:10:44]} 23. Rxa4 {[%emt 0:00:29]} Qxb4 {[%emt 0:03:20]} 24. Rxb4 {[%emt 0:00:40]} a5 {[%emt 0:00:03]} 25. Ra4 {[%emt 0:00:32]} Rfb8 {[%emt 0:01:09]} 26. Rc6 {[%emt 0:00:31]} d5 {[%emt 0:02:18]} 27. Rc5 {[%emt 0:00:05]} Rxb2 {[%emt 0:00:15]} 28. Raxa5 {[%emt 0:00:04]} Rbb8 {[%emt 0:00:17]} 29. Kf3 {[%emt 0:00:27]} g6 {[%emt 0:00:58] Ke4} 1/2-1/2

[Event "EYCC Open U16 2018"]
[Site "Riga"]
[Date "2018.08.24"]
[Round "5"]
[White "Martinovici, Ilie"]
[Black "Sorensen, Hampus"]
[Result "1-0"]
[WhiteElo "2358"]
[BlackElo "2267"]
[Annotator "NA"]
[PlyCount "119"]
[EventDate "2018.08.20"]
[EventType "swiss"]
[EventCountry "LAT"]
[SourceTitle "playchess.com"]
[Source "ChessBase"]
[SourceQuality "1"]
[TimeControl "40/5400+30:1800+30"]

1. d4 {[%emt 0:00:20]} d5 {[%emt 0:00:00]} 2. c4 {[%emt 0:00:04]} e6 {[%emt 0:00:27]} 3. Nc3 {[%emt 0:00:13]} Bb4 {[%emt 0:01:21]} 4. cxd5 {[%emt 0:01:26]} exd5 {[%emt 0:02:06]} 5. Nf3 {[%emt 0:09:00]} Nf6 {[%emt 0:04:05]} 6. Bg5 {[%emt 0:00:16]} h6 {[%emt 0:02:22]} 7. Bxf6 {[%emt 0:02:11]} Qxf6 {[%emt 0:00:41]} 8. Qa4+ {[%emt 0:02:30]} Nc6 {[%emt 0:00:20]} 9. e3 {[%emt 0:02:15]} O-O {[%emt 0:02:51]} 10. Be2 {[%emt 0:02:21]} Rd8 {[%emt 0:12:17]} 11. O-O {[%emt 0:00:32] D38: Queen's Gambit Declined: Ragozin Defence (4 Nf3 Bb4)} Bf5 {[%emt 0:04:13] LiveBook: 3 Games} (11... Bf8 12. Rac1 Ne7 13. b4 a6 14. Qb3 Qd6 15. a4 Be6 16. b5 a5 17. Ne5 c5 18. bxc6 Nxc6 {1-0 (45) Obregon,C (2514)-Fedoseev,V (2724) chess.com INT 2018}) 12. Rac1 {[%emt 0:03:02]} Bxc3 $146 {[%emt 0:12:28]} (12... Bf8 $11) ({Predecessor:} 12... a6 13. Qb3 Be6 14. Na4 Bd6 15. Nc5 Bc8 16. Kh1 Ne7 17. e4 Bxc5 18. e5 Qb6 19. Rxc5 Qxb3 20. axb3 {½-½ (39) Wang,D (2130)-Kojima,S (2264) Budapest 2012}) 13. Rxc3 {[%emt 0:02:37]} Qd6 {[%emt 0:01:14]} 14. Rfc1 {[%emt 0:03:09]} Rdc8 {[%emt 0:02:38]} 15. Qb3 {[%emt 0:06:48]} Rab8 {[%emt 0:03:07]} 16. Qa3 {[%emt 0:10:01]} Qxa3 {[%emt 0:02:39]} 17. bxa3 $16 {[%emt 0:03:30]} f6 {[%emt 0:18:48]} 18. Bb5 {[%emt 0:01:11]} Bd7 {[%emt 0:06:00]} 19. Rc5 {[%emt 0:01:08]} Be8 {[%emt 0:01:38]} 20. Ne1 {[%emt 0:08:00]} a6 {[%emt 0:04:17]} 21. Bxc6 {[%emt 0:01:30]} bxc6 {[%emt 0:02:09]} 22. Nd3 {[%emt 0:00:14]} Rb5 {[%emt 0:01:12]} 23. Nb4 {[%emt 0:01:33]} Rxc5 {[%emt 0:04:57]} 24. Rxc5 {[%emt 0:00:09]} Rb8 {[%emt 0:00:02]} 25. h4 {[%emt 0:02:51]} Rb5 {[%emt 0:00:51]} 26. Nxa6 {[%emt 0:00:37]} Rb1+ {[%emt 0:00:22]} 27. Kh2 {[%emt 0:00:01]} Rb2 {[%emt 0:00:01]} 28. Kg3 {[%emt 0:01:01]} Rxa2 {[%emt 0:00:08]} 29. Nxc7 {[%emt 0:00:06]} Bd7 {[%emt 0:01:53]} 30. Rc3 {[%emt 0:00:14]} g5 {[%emt 0:00:29]} 31. h5 {[%emt 0:02:07]} Ra1 {[%emt 0:02:14]} 32. Na6 {[%emt 0:00:15]} Be8 {[%emt 0:00:38]} 33. Nb4 {[%emt 0:00:54]} Kg7 {[%emt 0:01:18]} 34. Nxc6 {[%emt 0:03:26]} Bxh5 {[%emt 0:00:02]} 35. Ne7 {[%emt 0:02:26]} Bf7 {[%emt 0:00:22]} 36. Rc7 {[%emt 0:02:05]} Rxa3 {[%emt 0:01:00]} 37. Nf5+ {[%emt 0:01:08]} Kg6 {[%emt 0:00:18]} 38. Nxh6 {[%emt 0:00:31]} Kxh6 {[%emt 0:01:55]} 39. Rxf7 {[%emt 0:00:06]} Kg6 {[%emt 0:00:06]} 40. Rd7 {[%emt 0:00:00]} Ra5 {[%emt 0:00:00]} 41. Rc7 {[%emt 0:00:42]} Ra6 {[%emt 0:02:15]} 42. Rc5 {[%emt 0:00:09]} Rd6 {[%emt 0:00:05]} 43. f3 {[%emt 0:00:06]} Rd8 {[%emt 0:03:35]} 44. Kf2 {[%emt 0:01:03]} Rd6 {[%emt 0:01:56]} 45. g4 {[%emt 0:00:18]} Kf7 {[%emt 0:02:24]} 46. f4 {[%emt 0:01:45]} f5 {[%emt 0:05:43]} 47. fxg5 {[%emt 0:02:38]} Kg6 {[%emt 0:02:47]} 48. gxf5+ {[%emt 0:01:13]} Kxg5 {[%emt 0:00:07]} 49. e4 {[%emt 0:01:10]} dxe4 {[%emt 0:00:52]} 50. Ke3 {[%emt 0:00:05]} Ra6 {[%emt 0:04:25]} 51. Kxe4 {[%emt 0:00:49]} Kf6 {[%emt 0:01:21]} 52. Rc4 {[%emt 0:00:56]} Rb6 {[%emt 0:01:21]} 53. d5 {[%emt 0:03:38]} Rb1 {[%emt 0:00:50]} 54. d6 {[%emt 0:00:15]} Kf7 {[%emt 0:08:05]} 55. Kd5 {[%emt 0:00:22]} Ke8 {[%emt 0:00:20]} 56. Re4+ {[%emt 0:00:31]} Kd8 {[%emt 0:00:08]} 57. Ke6 {[%emt 0:00:07]} Rh1 {[%emt 0:00:55]} 58. f6 {[%emt 0:00:14]} Rf1 {[%emt 0:00:17]} 59. f7 {[%emt 0:00:49]} Rf2 {[%emt 0:00:09]} 60. Re5 {[%emt 0:00:04]} 1-0

[Event "EYCC Open U16 2018"]
[Site "Riga"]
[Date "2018.08.24"]
[Round "5"]
[White "Petriashvili, Nikoloz"]
[Black "Guerra Rivera, Salvador"]
[Result "1-0"]
[WhiteElo "2323"]
[BlackElo "2358"]
[Annotator "NA"]
[PlyCount "81"]
[EventDate "2018.08.20"]
[EventType "swiss"]
[EventCountry "LAT"]
[SourceTitle "playchess.com"]
[Source "ChessBase"]
[SourceQuality "1"]
[TimeControl "40/5400+30:1800+30"]

1. d4 {[%emt 0:00:00]} d5 {[%emt 0:00:00]} 2. c4 {[%emt 0:00:05]} e6 {[%emt 0:00:10]} 3. Nf3 {[%emt 0:00:08]} a6 {[%emt 0:00:24]} 4. cxd5 {[%emt 0:08:58]} exd5 {[%emt 0:00:10]} 5. Nc3 {[%emt 0:00:03]} c6 {[%emt 0:00:27] D31: Queen's Gambit Declined: Semi-Slav without ...Nf6 (+ Marshall Gambit and Noteboom) and Exchange Variation lines without ...Nf6} (5... Nf6 6. Qb3 Be7 7. Bf4 O-O 8. e3 Bd6 9. Bg5 c6 10. Bd3 Re8 11. O-O Be7 12. Rae1 Nbd7 13. e4 Nb6 14. Bxf6 Bxf6 15. exd5 Rxe1 16. Rxe1 Nxd5 {½-½ (30) Dubov,D (2691)-Fedoseev,V (2707) Abu Dhabi 2018}) 6. Bf4 {[%emt 0:03:27]} Bd6 {[%emt 0:02:36]} 7. Bg3 {[%emt 0:05:45]} (7. Bxd6 $14 Qxd6 8. e3) 7... Ne7 {[%emt 0:01:40]} 8. e3 {[%emt 0:00:45] LiveBook: 14 Games} O-O {[%emt 0:03:46]} 9. Bd3 {[%emt 0:01:33]} Bf5 {[%emt 0:01:48]} 10. Bxf5 {[%emt 0:02:06]} Nxf5 {[%emt 0:01:20]} 11. Qd3 {[%emt 0:00:07]} Qf6 {[%emt 0:06:11]} 12. Be5 $146 {[%emt 0:00:53]} ({Predecessor:} 12. O-O-O Nd7 {1-0 (58) Kuzmin,A (2587)-Velicka,P (2458) Andorra 2000}) 12... Bxe5 {[%emt 0:06:50]} 13. Nxe5 {[%emt 0:04:27]} Nd6 {[%emt 0:00:59]} 14. O-O {[%emt 0:04:49]} Qe7 {[%emt 0:02:18]} 15. b4 {[%emt 0:04:07]} f6 {[%emt 0:02:35]} 16. Nf3 {[%emt 0:00:01]} Nd7 {[%emt 0:01:11]} 17. a4 {[%emt 0:00:22]} b5 {[%emt 0:02:35]} 18. Nd2 {[%emt 0:10:17]} f5 {[%emt 0:08:59]} 19. Ra2 {[%emt 0:01:34]} Nb6 $11 {[%emt 0:02:40]} 20. Nb3 {[%emt 0:08:50]} Nbc4 {[%emt 0:15:53]} 21. Rfa1 {[%emt 0:07:41]} Rac8 {[%emt 0:09:16]} 22. Nc5 {[%emt 0:08:33]} a5 {[%emt 0:08:07]} 23. bxa5 {[%emt 0:07:23]} b4 {[%emt 0:00:28]} 24. Ne2 {[%emt 0:00:05]} Ne4 {[%emt 0:01:25]} 25. Nb3 {[%emt 0:01:14]} Rf6 {[%emt 0:00:47]} 26. Rc1 {[%emt 0:02:06]} Qf7 {[%emt 0:03:12]} 27. Rac2 {[%emt 0:01:55]} Na3 {[%emt 0:04:51]} 28. Rb2 {[%emt 0:02:27]} Rh6 {[%emt 0:01:36]} 29. Nc5 {[%emt 0:03:21]} Nc4 {[%emt 0:02:56]} 30. Rxb4 {[%emt 0:01:02]} Qh5 {[%emt 0:02:59]} 31. h3 {[%emt 0:03:34]} Qh4 {[%emt 0:01:40]} 32. Rf1 {[%emt 0:03:31]} Ned2 {[%emt 0:03:28]} 33. Rc1 {[%emt 0:01:52]} Rg6 {[%emt 0:02:10]} 34. Nf4 {[%emt 0:01:04]} Rf6 {[%emt 0:00:42]} 35. a6 {[%emt 0:01:00]} Rf7 {[%emt 0:00:47]} 36. Qe2 {[%emt 0:00:44]} Ne4 {[%emt 0:00:32]} 37. Rb7 {[%emt 0:00:23]} Ncd6 {[%emt 0:00:29]} 38. Rxf7 {[%emt 0:00:21]} Nxf7 {[%emt 0:00:01]} 39. Nxe4 {[%emt 0:00:41]} dxe4 {[%emt 0:00:32]} 40. a7 {[%emt 0:00:00]} Qe7 {[%emt 0:00:00]} 41. Rxc6 {[%emt 0:00:29]} 1-0

[Event "EYCC Open U16 2018"]
[Site "Riga"]
[Date "2018.08.24"]
[Round "5"]
[White "Degraeve, Remy"]
[Black "Gatineau, Yovann"]
[Result "1-0"]
[WhiteElo "2322"]
[BlackElo "2368"]
[Annotator "NA"]
[PlyCount "131"]
[EventDate "2018.08.20"]
[EventType "swiss"]
[EventCountry "LAT"]
[SourceTitle "playchess.com"]
[Source "ChessBase"]
[SourceQuality "1"]
[TimeControl "40/5400+30:1800+30"]

1. e4 {[%emt 0:00:00]} e5 {[%emt 0:00:00]} 2. Nf3 {[%emt 0:00:00]} Nf6 {[%emt 0:00:23]} 3. d4 {[%emt 0:00:17]} Nxe4 {[%emt 0:00:15]} 4. dxe5 {[%emt 0:00:06]} d5 {[%emt 0:00:09]} 5. Nbd2 {[%emt 0:00:06]} Qd7 {[%emt 0:00:49] C43: Petroff Defence: 3 d4} 6. Nb3 {[%emt 0:14:52]} Be7 $146 {[%emt 0:01:06]} ({Predecessor:} 6... Na6 7. Be2 Nac5 8. Nbd4 g6 9. c4 Bg7 10. cxd5 Qxd5 11. Qc2 Ne6 12. Nb3 N4c5 13. Bc4 {1-0 (35) Matlakov,M (2704)-Iljin,A (2528) Sochi 2018}) 7. Bd3 {[%emt 0:00:21]} O-O {[%emt 0:01:06]} 8. O-O {[%emt 0:00:15]} b6 {[%emt 0:00:27]} 9. Qe2 {[%emt 0:02:51]} Bb7 {[%emt 0:00:45] [#]} 10. c4 $1 {[%emt 0:02:00]} Rd8 {[%emt 0:10:05]} 11. cxd5 {[%emt 0:12:02]} Qxd5 {[%emt 0:00:33]} 12. Bc4 {[%emt 0:02:39]} Qc6 {[%emt 0:01:57]} 13. Bf4 {[%emt 0:03:36]} Qg6 {[%emt 0:08:31]} 14. Rfd1 {[%emt 0:04:37]} Nc6 {[%emt 0:02:43]} 15. Re1 {[%emt 0:15:25]} ({Better is} 15. g3 $14) 15... Nc5 {[%emt 0:10:23]} 16. Nxc5 {[%emt 0:00:50]} Bxc5 {[%emt 0:00:12]} 17. Nh4 {[%emt 0:10:07]} ({Nur nicht} 17. e6 $2 Nd4 $19) 17... Nd4 {[%emt 0:00:12]} 18. Nxg6 {[%emt 0:00:46]} Nxe2+ {[%emt 0:00:06]} 19. Rxe2 {[%emt 0:02:22]} hxg6 {[%emt 0:00:06]} 20. Bb3 {[%emt 0:07:49]} Rd4 {[%emt 0:08:01]} 21. Bg3 {[%emt 0:01:57]} Ba6 {[%emt 0:13:09]} 22. Ree1 {[%emt 0:00:32]} Rd2 {[%emt 0:02:12]} 23. Rad1 {[%emt 0:07:46]} Rad8 {[%emt 0:01:26]} 24. h3 {[%emt 0:00:31]} R8d3 {[%emt 0:09:29]} 25. Rxd2 {[%emt 0:00:55]} Rxd2 {[%emt 0:02:08]} 26. e6 {[%emt 0:01:50]} fxe6 {[%emt 0:00:07]} 27. Rxe6 {[%emt 0:00:03]} Kh7 {[%emt 0:00:56]} 28. Rc6 {[%emt 0:00:05]} Rxb2 {[%emt 0:07:10]} 29. Rxc7 {[%emt 0:00:13]} Rb1+ {[%emt 0:00:34]} 30. Kh2 {[%emt 0:00:04]} Rf1 {[%emt 0:00:51]} 31. Rxa7 {[%emt 0:00:12]} Bd3 {[%emt 0:02:06]} 32. Rd7 {[%emt 0:00:17]} Bb5 {[%emt 0:05:12]} 33. Rd2 {[%emt 0:02:04]} g5 {[%emt 0:01:55]} 34. Bc2+ {[%emt 0:03:33]} g6 {[%emt 0:01:15]} 35. Rd5 {[%emt 0:01:37]} Bxf2 {[%emt 0:01:44]} 36. Bxf2 {[%emt 0:03:07]} Rxf2 {[%emt 0:00:08]} 37. Bb3 {[%emt 0:00:24]} Bc6 {[%emt 0:05:36]} 38. Rxg5 {[%emt 0:00:03]} Be4 {[%emt 0:00:19]} 39. Rg4 {[%emt 0:00:53]} Bc6 {[%emt 0:02:53]} 40. Bc4 {[%emt 0:00:00]} Kh6 {[%emt 0:00:00]} 41. Kg1 {[%emt 0:04:56]} Rb2 {[%emt 0:02:44]} 42. Bf7 {[%emt 0:00:28]} g5 {[%emt 0:00:48]} 43. h4 {[%emt 0:00:25]} Rb5 {[%emt 0:02:59]} 44. Rxg5 {[%emt 0:01:58]} Rxg5 {[%emt 0:00:09]} 45. hxg5+ {[%emt 0:00:02]} Kxg5 {[%emt 0:00:05]} 46. Kf2 {[%emt 0:00:06]} Kf4 {[%emt 0:00:57]} 47. g3+ {[%emt 0:00:15]} Ke5 {[%emt 0:03:14]} 48. Ke3 {[%emt 0:00:23]} Bd7 {[%emt 0:03:24]} 49. Bb3 {[%emt 0:00:53]} Bg4 {[%emt 0:01:13]} 50. Bc4 {[%emt 0:02:49]} Bd7 {[%emt 0:02:03]} 51. Bg8 {[%emt 0:00:26]} Bg4 {[%emt 0:00:22]} 52. Bb3 {[%emt 0:00:04]} Bh5 {[%emt 0:00:33]} 53. Kd3 {[%emt 0:02:30]} Bf3 {[%emt 0:00:33]} 54. Kc4 {[%emt 0:00:59]} Be2+ {[%emt 0:01:46]} 55. Kb4 {[%emt 0:02:16]} Kd6 {[%emt 0:03:53]} 56. Bc4 {[%emt 0:00:30]} Bg4 {[%emt 0:00:07]} 57. Bf7 {[%emt 0:01:56]} Be2 {[%emt 0:00:39]} 58. Bb3 {[%emt 0:00:04]} Bg4 {[%emt 0:00:38]} 59. Kb5 {[%emt 0:00:07]} Kc7 {[%emt 0:00:07]} 60. Kc4 {[%emt 0:00:04]} Kd6 {[%emt 0:00:40]} 61. Kd4 {[%emt 0:00:06]} Bh5 {[%emt 0:05:34]} 62. Ke4 {[%emt 0:01:12]} Bg6+ {[%emt 0:00:05]} 63. Kf4 {[%emt 0:00:04]} Kc5 {[%emt 0:00:04]} 64. Kg5 {[%emt 0:00:37]} Bd3 {[%emt 0:03:47]} 65. g4 {[%emt 0:00:05]} Kd4 {[%emt 0:00:42]} 66. Kf6 $18 {[%emt 0:00:09]} 1-0

[Event "EYCC Open U16 2018"]
[Site "Riga"]
[Date "2018.08.24"]
[Round "5"]
[White "Remizov, Yaroslav"]
[Black "Salemgareev, Tagir"]
[Result "1/2-1/2"]
[WhiteElo "2317"]
[BlackElo "2375"]
[Annotator "NA"]
[PlyCount "114"]
[EventDate "2018.08.20"]
[EventType "swiss"]
[EventCountry "LAT"]
[SourceTitle "playchess.com"]
[Source "ChessBase"]
[SourceQuality "1"]
[TimeControl "40/5400+30:1800+30"]

1. e4 {[%emt 0:00:00]} c5 {[%emt 0:00:00]} 2. Nf3 {[%emt 0:00:00]} d6 {[%emt 0:00:00]} 3. d4 {[%emt 0:00:00]} cxd4 {[%emt 0:00:00]} 4. Nxd4 {[%emt 0:00:00]} Nf6 {[%emt 0:00:00]} 5. Nc3 {[%emt 0:00:00]} a6 {[%emt 0:00:00]} 6. Be3 {[%emt 0:00:00]} e5 {[%emt 0:00:00]} 7. Nb3 {[%emt 0:00:00]} Be6 {[%emt 0:00:00]} 8. Qd2 {[%emt 0:00:20]} Nbd7 {[%emt 0:00:40]} 9. f3 {[%emt 0:00:13]} h5 {[%emt 0:00:08]} 10. Nd5 {[%emt 0:00:14] B90: Sicilian Najdorf: Unusual White 6th moves, 6 Be3 Ng4 and 6 Be3 e5} Bxd5 {[%emt 0:00:07]} 11. exd5 {[%emt 0:00:03]} g6 {[%emt 0:00:05]} 12. Be2 {[%emt 0:00:14]} Bg7 {[%emt 0:00:06]} 13. O-O {[%emt 0:00:33]} b6 {[%emt 0:00:18]} (13... a5 14. a4 O-O 15. Bb5 Qc7 16. c4 b6 17. h3 Nc5 18. Nxc5 bxc5 {½-½ (49) Carlsen,M (2842)-Vachier Lagrave,M (2779) Biel 2018}) 14. c4 {[%emt 0:01:15] LiveBook: 23 Games} O-O {[%emt 0:00:32]} 15. Rae1 {[%emt 0:03:29]} a5 {[%emt 0:06:44]} 16. Kh1 {[%emt 0:02:54]} Kh7 $146 {[%emt 0:08:37]} ({Predecessor:} 16... Nc5 17. Na1 Kh7 {½-½ (50) Biedermann,T (2420)-Joppich,U (2468) GER email 2016}) 17. Bd3 {[%emt 0:11:00]} Nc5 {[%emt 0:05:11]} 18. Nxc5 {[%emt 0:04:47]} bxc5 {[%emt 0:00:13]} 19. Bg5 {[%emt 0:02:34]} Qc7 {[%emt 0:04:06]} 20. f4 {[%emt 0:05:59]} e4 {[%emt 0:16:47]} 21. Bc2 {[%emt 0:19:10]} Rab8 {[%emt 0:12:13]} 22. b3 {[%emt 0:00:43]} Rbe8 {[%emt 0:05:09]} 23. h3 {[%emt 0:06:58]} Kg8 {[%emt 0:04:57]} 24. f5 {[%emt 0:09:23]} Re5 {[%emt 0:04:55]} 25. Bxf6 {[%emt 0:03:30]} Bxf6 {[%emt 0:00:07]} 26. fxg6 {[%emt 0:00:53]} fxg6 {[%emt 0:00:05]} 27. Rxe4 {[%emt 0:00:09]} Bg5 {[%emt 0:12:14]} 28. Rxf8+ {[%emt 0:10:31]} Kxf8 {[%emt 0:00:02]} 29. Qf2+ {[%emt 0:01:08]} Qf7 {[%emt 0:01:09]} 30. Qxf7+ {[%emt 0:00:15]} Kxf7 {[%emt 0:00:01]} 31. Rxe5 {[%emt 0:00:10]} dxe5 {[%emt 0:00:04]} 32. Kg1 {[%emt 0:00:08]} h4 {[%emt 0:03:25]} 33. Kf2 {[%emt 0:00:12]} Bf4 {[%emt 0:00:53]} 34. a3 {[%emt 0:08:19]} Bc1 {[%emt 0:12:28]} 35. b4 {[%emt 0:04:15]} cxb4 {[%emt 0:00:05]} 36. axb4 {[%emt 0:01:05]} axb4 {[%emt 0:00:04]} 37. c5 {[%emt 0:00:37]} b3 {[%emt 0:01:15]} 38. Bxb3 {[%emt 0:00:06]} Ba3 {[%emt 0:00:03]} 39. c6 {[%emt 0:00:17]} Ke7 {[%emt 0:02:50]} 40. Kf3 {[%emt 0:00:00]} Kd8 {[%emt 0:00:00]} 41. Kg4 {[%emt 0:23:45]} Be7 {[%emt 0:00:27]} 42. d6 {[%emt 0:00:30]} Bxd6 {[%emt 0:00:05]} 43. Kxh4 {[%emt 0:00:02]} Be7+ {[%emt 0:05:14]} 44. Kg4 {[%emt 0:00:06]} e4 {[%emt 0:10:42]} 45. Kf4 {[%emt 0:08:06]} Kc7 {[%emt 0:01:21]} 46. Ba4 {[%emt 0:07:14]} Kd6 {[%emt 0:00:53]} 47. Kxe4 {[%emt 0:00:18]} Bd8 $18 {[%emt 0:00:33]} 48. g4 {[%emt 0:00:31]} g5 {[%emt 0:00:22]} 49. Kd4 {[%emt 0:00:08]} Bb6+ {[%emt 0:01:26]} 50. Kc4 {[%emt 0:01:26]} Bf2 {[%emt 0:00:05]} 51. Kb5 {[%emt 0:00:06]} Kc7 {[%emt 0:00:06]} 52. Bc2 {[%emt 0:00:03]} Be1 {[%emt 0:00:05]} 53. Be4 {[%emt 0:00:02]} Bf2 {[%emt 0:00:06]} 54. Kc4 {[%emt 0:00:03]} Bg3 {[%emt 0:00:05]} 55. Kd5 {[%emt 0:00:02]} Bf2 {[%emt 0:00:05]} 56. Ke5 {[%emt 0:00:03]} Bg3+ {[%emt 0:00:07]} 57. Ke6 {[%emt 0:00:09]} Bf2 {[%emt 0:00:11]} 1/2-1/2